000 00762nam a22002177a 4500
999 _c1948
_d1948
003 AR-CdUCM
008 190228b ||||| |||| 00| 0 spa d
040 _aMUNICIPALIDAD PROVINCIAL DEL CUSCO
_cBIBLIOTECA MUNICIPAL DEL CUSCO
082 _a869.508 /
_bAN62
110 _aSiglo XXI
_96848
245 _aEl Antimperialismo y el Apra V. R. Haya de La Torre :
_bpresentación de Alan García
260 _aPerú :
_bSiglo Veintiuno ;
_c1984.
300 _a96 páginas
_bfotografías
_c14cm
440 _aColección Equis x
_n10
_97121
505 _aEl Antimperialismo y el Apra -- Una vida en el siglo
650 _aColonialismo
_97122
650 _aIndustrialización
_91455
650 _aVictor Raúl
_97123
942 _2ddc
_cLIBROS
945 _anom
_d2019-02-28